Tình hình dịch tễ bệnh cúm gia cầm và so sánh đáp ứng miễn dịch đối với hai loại vắc xin cúm gia cầm trên gà ác tại tỉnh Tiền Giang : Luận văn thạc sĩ. Chuyên ngành Thú y

Khảo sát tình hình dịch tễ bệnh cúm gia cầm và so sánh đáp ứng miễn dịch đối với hai loại vắc xin cúm gia cầm tuýp A trên gà ác tại tỉnh Tiền Giang để tìm ra loại vaccine hiệu quả nhất trong phòng trị bệnh búm gia cầm cho gà ác nuôi tại nông...

Descrizione completa

Salvato in:
Dettagli Bibliografici
Autore principale: Nguyễn, Lê Minh Phú
Natura: Libro
Lingua:Undetermined
Pubblicazione: Cần Thơ Trường Đại học Cần Thơ 2016
Soggetti:
Tags: Aggiungi Tag
Nessun Tag, puoi essere il primo ad aggiungerne! !
Thư viện lưu trữ: Trung tâm Học liệu Trường Đại học Cần Thơ
LEADER 01284nam a2200217Ia 4500
001 CTU_214068
008 210402s9999 xx 000 0 und d
082 |a 636.5089 
082 |b Ph500 
100 |a Nguyễn, Lê Minh Phú 
245 0 |a Tình hình dịch tễ bệnh cúm gia cầm và so sánh đáp ứng miễn dịch đối với hai loại vắc xin cúm gia cầm trên gà ác tại tỉnh Tiền Giang : 
245 0 |b Luận văn thạc sĩ. Chuyên ngành Thú y 
245 0 |c Nguyễn Lê Minh Phú ; Nguyễn Văn Khanh, Thái Quốc Hiếu (cán bộ hướng dẫn) 
260 |a Cần Thơ 
260 |b Trường Đại học Cần Thơ 
260 |c 2016 
520 |a Khảo sát tình hình dịch tễ bệnh cúm gia cầm và so sánh đáp ứng miễn dịch đối với hai loại vắc xin cúm gia cầm tuýp A trên gà ác tại tỉnh Tiền Giang để tìm ra loại vaccine hiệu quả nhất trong phòng trị bệnh búm gia cầm cho gà ác nuôi tại nông hộ 
650 |a Poultry,Gia cầm 
650 |x Diseases,bệnh 
904 |i Nguyên 
980 |a Trung tâm Học liệu Trường Đại học Cần Thơ